LEADER 00958nam a2200217 i 4500 001 000000155431 003 CaOOAMICUS 005 20061110000000.0 008 061110s1936 it u000 u ita u 013 $a132783 040 $aSeMil$bita 245 12$aI canti della patria /$cTesto e commento a cura del Prof. Dott. Giacomo Maria Lombardo ex-docente di lettere italiane nelle Università di Bonn e di Colonia sul Reno. 260 $aClusone :$bGiudici Editrice,$c1936. 300 $a237 p. :$b[2] ritratti ;$c20 cm. 650 4$aCanzoni patriottiche - Antologie.$0(OLS)http://semarc/subject/30423 700 1 $aLombardo, Giacomo Maria.$0(OLS)http://semarc/name/60789 850 $aSeMil 852 $aSeMil$W1$xVenegono$y1$m1B II 114$j107266$B107266$CSeMilBibl$Z2$F116646 $81 961 $aRecupero: Altro 996 $6245$aI canti della patria$9(OLS)http://semarc/title/227622 996 $6260$aClusone :$bGiudici Editrice$9(OLS)http://semarc/publisher/43408 LEADER 00873nam a2200229 i 4500 001 000000100093 003 CaOOAMICUS 005 20060524000000.0 008 060524s1940 it u000 u ita u 013 $a72245 040 $aSeMil$bita 245 10$aVolume 6. 300 $aXII, 267 p., [8] c. di tav. 500 $aContiene : Appendice ; Errata corrige. - Fondo Ciprandi. 700 1 $aTommaseo, Niccolò,$d<1802-1874>.$0(OLS)http://semarc/name/454 700 1 $aMisciattelli, Piero.$0(OLS)http://semarc/name/6220 773 0 $aCaterina : da Siena, $tLettere di S. Caterina da Siena.$dFirenze : Giunti-Barbèra, 1940.$w()15760 850 $aSeMil 852 $aSeMil$W1$xVenegono$y1$m3H III 353$j57325$B57325$CSeMilBibl$Z2$F67604 $81 941 1 $a1 961 $aOmaggio: Ciprandi dott. Paolo 996 $6245$aVolume 6$9(OLS)http://semarc/title/147383